000 00745nas a2200265 4500
001 BR2013006058
003 BR-BrBNA
005 20231205122731.0
007 ta
008 230509b bl.|||p| |||| 00| 00por d
040 _aBR-BrBNA
_bpor
_cBiblioteca Nacional de Agricultura
041 _a(Pt)
072 _aE70
100 1 _aAnacleto, A.
100 1 _aNegrelle, R..
245 1 _aComércio de bromélias no Paraná
650 _aBROMÉLIA
650 _aPLANTA ORNAMENTAL
650 _aMUDA
650 _aCOMERCIALIZAÇÃO
650 _aCADEIA PRODUTIVA
773 0 _tRevista Ceres (Brazil)
_xISSN 0034-737X
_g(Mar-Apr 2013), v. 60(2) p. 185-193
_wBR2013006058
909 _a202311
_bLúcia
_c55
_dLúcia Elande
942 _2AGRIS
_n0
_cANA
999 _c230239
_d230239